Roma and Egyptians in Albania (Record no. 53762)
[ view plain ]
| 000 -LEADER | |
|---|---|
| fixed length control field | 01396nam a2200337Ia 4500 |
| 100 1# - MAIN ENTRY--AUTHOR NAME | |
| Personal name | De Soto, Hermine G. |
| 245 10 - TITLE STATEMENT | |
| Title | Roma and Egyptians in Albania |
| 260 ## - PUBLICATION, DISTRIBUTION, ETC. (IMPRINT) | |
| Place of publication | Washington, D.C. : |
| Name of publisher | World Bank, |
| Year of publication | c2005. |
| 300 ## - PHYSICAL DESCRIPTION | |
| Number of Pages | xlii, 267 p. : |
| Other physical details | ill., maps. |
| 490 1# - SERIES STATEMENT | |
| Series statement | World Bank working paper, |
| 650 #0 - SUBJECT ADDED ENTRY--TOPICAL TERM | |
| Topical Term | Romanies |
| Topical Term | Egyptians |
| 700 1# - ADDED ENTRY--PERSONAL NAME | |
| Personal name | Beddies, Sabine. |
| Personal name | Gedeshi, Ilir. |
| 856 40 - ELECTRONIC LOCATION AND ACCESS | |
| Uniform Resource Identifier | http://site.ebrary.com/lib/rucke/Doc?id=10078117 |
No items available.
